| 000 | 00537nam a22001817a 4500 | ||
|---|---|---|---|
| 008 | 230515b |||||||| |||| 00| 0 eng d | ||
| 020 | _a81-7233-042-1 | ||
| 040 |
_aNational Science Library _cNational Science Library |
||
| 080 |
_a551.4:502.5 _bN2 |
||
| 100 |
_aSingh, Surendra _9553 |
||
| 245 | _aGeomorphology and remote sensing in environment management | ||
| 260 |
_aJodhpur: _bScientific Publishers, _c1992 |
||
| 300 | _a281p. | ||
| 365 |
_b475.10 _cINR |
||
| 650 | _aGeography | ||
| 653 | _aRemote sensing | ||
| 942 |
_2udc _cBK |
||
| 999 |
_c29860 _d29860 |
||